000 00788nam a22002057a 4500
003 AM-YEHGA
005 20250617163656.0
008 181214s ||||| |||| 00| 0 rus d
040 _aAM-YeHGA
041 0 _arus
100 1 _aМирошниченко, Дмитрий Иванович
245 1 0 _aГазомерщик :
_bПособие для газомерщиков и рабочих, исполняющмх их обязанности /
_cД.И. Мирошниченко.
260 _aМосква ;
_bГосгортехиздат,
_c1961.
300 _a144 с. :
_b ил.
653 0 _aРудничный газ - Замер
653 0 _aУгольные шахты - Техника безопасности
942 _2udc
_cBK
001 1776015
090 _c514360
999 _c510880
_d510880